000
00306nam a2200109Ia 4500
008
200302s9999 xx 000 0 und d
100
_a
Hemant Sood and Others
245
_a
Laboratory Manualon Concrete Technology
260
_b
C BC Publishers and Distributors Pvt., Ltd.,
260
_c
2016
300
_a
48 P.,
999
_c
3849
_d
3849